Toutes les communes de l'Orne sur une carte - Statistiques

Statistiques générales
  • Ce quiz a été pris 434 fois
    198 depuis la dernière actualisation
  • Le résultat moyen est 82 sur 381
Réponses sur la Carte
Les réponses sont colorées sur une échelle allant du rouge au vert en fonction du pourcentage des utilisateurs qui les ont devinées à leur premier essai. Vous pouvez retrouver ces pourcentages ci-dessous.
 
Statistiques - réponses
Population Commune % Correct
25 555 Alençon
96%
13 291 Argentan
89%
14 482 Flers
84%
3 815 Mortagne-au-Perche
78%
7 824 L'Aigle
77%
2 993 La Ferté-en-Ouche
76%
227 Sai
76%
5 116 La Ferté Macé
69%
4 191 Sées
68%
2 704 Bagnoles de l'Orne Normandie
65%
3 660 Gouffern en Auge
64%
2 924 Rives d'Andaine
60%
1 513 Briouze
56%
2 490 Condé-sur-Sarthe
56%
589 La Chapelle-au-Moine
56%
532 La Chapelle-Biche
56%
513 La Chapelle-Montligeon
56%
475 La Chapelle-près-Sées
56%
243 La Chapelle-Souëf
56%
289 La Chapelle-Viel
56%
1 134 Mortrée
56%
1 983 Sablons sur Huisne
56%
2 197 Écouché-les-Vallées
55%
1 786 Gacé
53%
4 884 Tinchebray-Bocage
52%
629 Carrouges
50%
4 155 Domfront en Poiraie
50%
659 Saint-Pierre-d'Entremont
50%
158 Saint-Pierre-des-Loges
50%
1 358 Saint-Pierre-du-Regard
50%
433 Saint-Pierre-la-Bruyère
50%
2 114 Juvigny Val d'Andaine
48%
3 023 Tourouvre au Perche
48%
3 069 Vimoutiers
48%
263 Le Pin-au-Haras
47%
626 Le Pin-la-Garenne
47%
2 125 Putanges-le-Lac
47%
125 Saint-Germain-d'Aunay
47%
132 Saint-Germain-de-Clairefeuille
47%
823 Saint-Germain-de-la-Coudre
47%
82 Saint-Germain-de-Martigny
47%
215 Saint-Germain-des-Grois
47%
3 693 Saint-Germain-du-Corbéis
47%
62 Saint-Germain-le-Vieux
47%
1 456 Bellême
46%
636 Saint-Martin-d'Écublei
46%
187 Saint-Martin-des-Landes
46%
129 Saint-Martin-des-Pézerits
46%
546 Saint-Martin-du-Vieux-Bellême
46%
189 Saint-Martin-l'Aiguillon
46%
156 La Ferrière-au-Doyen
45%
1 556 La Ferrière-aux-Étangs
45%
244 La Ferrière-Béchet
45%
719 La Ferrière-Bochard
45%
305 Saint-Hilaire-de-Briouze
45%
661 Saint-Hilaire-le-Châtel
45%
501 Saint-Hilaire-sur-Erre
45%
299 Saint-Hilaire-sur-Risle
45%
2 406 Damigny
44%
1 664 Écouves
44%
2 878 Longny les Villages
44%
2 001 Perche en Nocé
42%
729 Moulins-la-Marche
41%
313 Moulins-sur-Orne
41%
162 Saint-Georges-d'Annebecq
41%
3 164 Saint-Georges-des-Groseillers
41%
59 Saint-Denis-sur-Huisne
37%
1 101 Saint-Denis-sur-Sarthon
37%
659 Le Mêle-sur-Sarthe
36%
583 Saint-Michel-Tubœuf
36%
3 369 Val-au-Perche
36%
4 216 Athis-Val de Rouvre
35%
673 Saint-Paul
35%
456 Bazoches-au-Houlme
34%
831 Bazoches-sur-Hoëne
34%
1 181 Boischampré
34%
1443 Merlerault-le-Pin
34%
687 Saint-Julien-sur-Sarthe
34%
893 Chailloué
33%
584 Cour-Maugis sur Huisne
33%
1 735 Les Monts d'Andaine
33%
1 047 Rânes
33%
1 896 Rémalard en Perche
33%
173 Saint-André-de-Briouze
33%
527 Saint-André-de-Messei
33%
1 491 Belforêt-en-Perche
32%
1 017 Sainte-Gauburge-Sainte-Colombe
32%
141 Le Cercueil
31%
1 427 Rai
31%
88 Sainte-Marie-la-Robert
31%
166 Saint-Ouen-de-Sécherouvre
31%
122 Saint-Ouen-le-Brisoult
31%
827 Saint-Ouen-sur-Iton
31%
762 Charencey
30%
1 382 Magny-le-Désert
30%
92 Saint-Christophe-de-Chaulieu
30%
283 Saint-Nicolas-des-Bois
30%
270 Saint-Nicolas-de-Sommaire
30%
1 721 Valframbert
30%
540 Essay
29%
397 Joué-du-Bois
29%
241 Joué-du-Plain
29%
1 202 Trun
29%
169 Camembert
28%
1 765 Ceton
28%
1 116 Lonlay-l'Abbaye
28%
230 Lonlay-le-Tesson
28%
752 L'Orée-d'Écouves
28%
418 Macé
28%
247 Aunou-le-Faucon
27%
268 Aunou-sur-Orne
27%
1 042 Bellou-en-Houlme
27%
200 Bellou-le-Trichard
27%
191 La Lande-de-Goult
27%
55 La Lande-de-Lougé
27%
1 774 La Lande-Patry
27%
161 La Lande-Saint-Siméon
27%
126 Le Sap-André
27%
1 049 Sarceaux
27%
132 Juvigny-sur-Orne
26%
645 Almenêches
25%
1 105 Lonrai
25%
111 Saint-Céneri-le-Gérei
25%
862 Cerisé
24%
718 Courtomer
24%
1 423 La Selle-la-Forge
24%
1 831 Messei
24%
1 162 Passais Villages
24%
156 Ri
24%
582 Sainte-Scolasse-sur-Sarthe
24%
1 094 Berd'huis
23%
1 162 Ceaucé
23%
646 Saint-Mars-d'Égrenne
23%
231 Saint-Patrice-du-Désert
23%
615 Les Aspres
22%
872 Saint-Langis-lès-Mortagne
22%
403 Ciral
21%
392 Dompierre
21%
890 Héloup
21%
419 Pacé
21%
149 Saint-Brice
21%
134 Saint-Brice-sous-Rânes
21%
638 Soligny-la-Trappe
21%
583 Boucé
20%
267 Lalacelle
20%
151 Médavy
20%
873 Monts-sur-Orne
20%
284 Neuilly-le-Bisson
20%
675 Occagnes
20%
77 Saint-Léonard-des-Parcs
20%
75 Saint-Quentin-de-Blavou
20%
316 Saint-Quentin-les-Chardonnets
20%
1 615 Saint-Sulpice-sur-Risle
20%
709 Cerisy-Belle-Étoile
19%
446 Landigou
19%
520 Nécy
19%
687 Sainte-Honorine-la-Chardonne
19%
342 Sainte-Honorine-la-Guillaume
19%
818 Crulai
18%
427 Cuissai
18%
534 Le Ménil-de-Briouze
18%
211 Sainte-Marguerite-de-Carrouges
18%
243 Saint-Sauveur-de-Carrouges
18%
255 Villiers-sous-Mortagne
18%
938 Champsecret
17%
136 Ferrières-la-Verrerie
17%
462 Hauterive
17%
780 Landisacq
17%
128 Montreuil-au-Houlme
17%
74 Montreuil-la-Cambe
17%
183 Rouperroux
17%
1 024 Saint-Bômer-les-Forges
17%
348 Saint-Evroult-de-Montfort
17%
440 Saint-Evroult-Notre-Dame-du-Bois
17%
540 Saint-Fraimbault
17%
1 247 Aube
16%
402 Aubusson
16%
1 469 Bretoncelles
16%
214 Neauphe-sous-Essai
16%
133 Neauphe-sur-Dive
16%
182 Planches
16%
413 Saint-Aubin-d'Appenai
16%
131 Saint-Aubin-de-Bonneval
16%
130 Saint-Aubin-de-Courteraie
16%
106 Saint-Gilles-des-Marais
16%
409 Saint-Mard-de-Réno
16%
958 Sap-en-Auge
16%
835 Caligny
15%
303 Crouttes
15%
734 Échauffour
15%
100 Fresnay-le-Samson
15%
52 La Fresnaie-Fayel
15%
526 Mauves-sur-Huisne
15%
723 Montilly-sur-Noireau
15%
232 Neuville-sur-Touques
15%
363 Réveillon
15%
233 Saint-Cyr-la-Rosière
15%
259 Saint-Ellier-les-Bois
15%
278 Appenai-sous-Bellême
14%
111 Fontaine-les-Bassets
14%
161 La Roche-Mabile
14%
314 Lougé-sur-Maire
14%
511 Mantilly
14%
223 Montchevrel
14%
543 Montmerrei
14%
309 Pointel
14%
835 Saint-Clair-de-Halouze
14%
240 Sainte-Opportune
14%
73 Saint-Gervais-des-Sablons
14%
351 Saint-Gervais-du-Perron
14%
473 Saint-Symphorien-des-Bruyères
14%
230 Tanville
14%
199 Vieux-Pont
14%
202 Belfonds
13%
691 Chandai
13%
593 Igé
13%
167 Le Bouillon
13%
190 Le Château-d'Almenêches
13%
201 Le Grais
13%
120 Méhoudin
13%
375 Moutiers-au-Perche
13%
308 Saint-Léger-sur-Sarthe
13%
114 Saint-Philbert-sur-Orne
13%
348 Semallé
13%
609 Bailleul
12%
136 Bizou
12%
102 Buré
12%
1 253 Chanu
12%
129 Craménil
12%
135 Francheville
12%
403 Le Châtellier
12%
201 Neuvy-au-Houlme
12%
158 Saint-Roch-sur-Égrenne
12%
419 Verrières
12%
211 Villedieu-lès-Bailleul
12%
195 Beaulieu
11%
124 Boëcé
11%
350 Échalou
11%
423 Gandelain
11%
144 Gâprée
11%
615 Irai
11%
501 La Coulonche
11%
465 Larré
11%
175 Le Ménil-Broût
11%
102 Les Yveteaux
11%
143 Lignou
11%
341 Pervenchères
11%
298 Saint-Jouin-de-Blavou
11%
310 Sévigny
11%
157 Tanques
11%
301 Torchamp
11%
140 Aunay-les-Bois
10%
216 Avoine
10%
620 Banvou
10%
164 Bures
10%
163 Cahan
10%
84 Chahains
10%
332 Colombiers
10%
356 Courgeon
10%
137 Faverolles
10%
202 Fleuré
10%
476 Giel-Courteilles
10%
71 Ginai
10%
272 La Bazoque
10%
132 La Bellière
10%
359 Laleu
10%
411 La Madeleine-Bouvet
10%
60 La Trinité-des-Laitiers
10%
216 Le Mage
10%
69 Le Ménil-Bérard
10%
82 Le Ménil-Scelleur
10%
144 Les Ventes-de-Bourse
10%
272 Mahéru
10%
153 Marchemaisons
10%
282 Montabard
10%
646 Montsecret-Clairefougère
10%
107 Parfondeval
10%
350 Perrou
10%
135 Saint-Lambert-sur-Dive
10%
297 Tournai-sur-Dive
10%
271 Beauvain
9%
127 Bellavilliers
9%
115 Boissei-la-Lande
9%
347 Boitron
9%
114 Corbon
9%
484 Coulonges-sur-Sarthe
9%
463 Courgeoût
9%
146 Dame-Marie
9%
288 Durcet
9%
187 Feings
9%
100 Les Champeaux
9%
131 Loisail
9%
202 Ménil-Hermei
9%
613 Mieuxcé
9%
47 Mont-Ormel
9%
252 Origny-le-Roux
9%
179 Rônai
9%
279 Sevrai
9%
378 Tessé-Froulay
9%
97 Avrilly
8%
210 Canapville
8%
161 Champeaux-sur-Sarthe
8%
64 Comblot
8%
69 Fay
8%
52 La Chaux
8%
278 La Mesnière
8%
161 La Motte-Fouquet
8%
114 Ménil-Hubert-en-Exmes
8%
483 Ménil-Hubert-sur-Orne
8%
185 Orgères
8%
189 Ticheville
8%
120 Trémont
8%
82 Vidai
8%
126 Aubry-le-Panthou
7%
437 Berjou
7%
202 Bursard
7%
298 Coulimer
7%
30 Le Champ-de-la-Pierre
7%
128 Le Plantis
7%
93 Louvières-en-Auge
7%
160 Ménil-Gondouin
7%
50 Ménil-Vin
7%
88 Saint-Agnan-sur-Sarthe
7%
80 Touquettes
7%
177 Barville
6%
327 Beaufai
6%
92 Brullemail
6%
176 Chemilli
6%
201 Croisilles
6%
385 Écorcei
6%
275 La Gonfrière
6%
84 Le Chalange
6%
109 Le Ménil-Ciboult
6%
240 Les Menus
6%
255 L'Hôme-Chamondot
6%
198 Ménil-Erreux
6%
152 Merri
6%
261 Moncy
6%
176 Pontchardon
6%
247 Sainte-Céronne-lès-Mortagne
6%
168 Saint-Fulgent-des-Ormes
6%
204 Auguaise
5%
146 Brethel
5%
99 Champosoult
5%
151 Commeaux
5%
216 Coulonces
5%
332 Habloville
5%
123 La Ventrouze
5%
126 Le Pas-Saint-l'Homer
5%
59 Ménil-Froger
5%
55 Saint-Aquilin-de-Corbion
5%
300 Saires-la-Verrerie
5%
219 Vitrai-sous-Laigle
5%
232 Bonsmoulins
4%
90 Brieux
4%
77 Coudehard
4%
101 Écorches
4%
139 Guêprei
4%
133 Guerquesalles
4%
89 Montgaudry
4%
111 Ommoy
4%
102 Pouvrai
4%
276 Suré
4%
97 Vaunoise
4%
191 Bonnefoi
3%
43 Champ-Haut
3%
170 Chaumont
3%
179 Cisai-Saint-Aubin
3%
82 Coulmer
3%
25 Le Ménil-Vicomte
3%
203 Le Renouard
3%
173 Les Genettes
3%
29 Lignères
3%
78 Tellières-le-Plessis
3%
66 Avernes-Saint-Gourgon
2%
176 Champcerie
2%
256 Le Bosc-Renoult
2%
81 Le Ménil-Guyon
2%
135 Mardilly
2%
177 Résenlieu
2%
134 Roiville
2%
Aucun quiz correspondant
Distribution des résultats
% des personnes avec chaque résultat
Percentile par nombre de réponses
Votre historique - résultats
Vous n’avez pas pris ce quiz depuis la dernière actualisation